<?xml version='1.0' encoding='UTF-8'?><?xml-stylesheet href='static/style.xsl' type='text/xsl'?><OAI-PMH xmlns="http://www.openarchives.org/OAI/2.0/" xmlns:xsi="http://www.w3.org/2001/XMLSchema-instance" xsi:schemaLocation="http://www.openarchives.org/OAI/2.0/ http://www.openarchives.org/OAI/2.0/OAI-PMH.xsd"><responseDate>2026-04-30T16:39:52Z</responseDate><request verb="GetRecord" identifier="oai:ebiltegia.mondragon.edu:20.500.11984/4413" metadataPrefix="marc">https://ebiltegia.mondragon.edu/oai/request</request><GetRecord><record><header><identifier>oai:ebiltegia.mondragon.edu:20.500.11984/4413</identifier><datestamp>2024-01-04T21:56:57Z</datestamp><setSpec>com_20.500.11984_1736</setSpec><setSpec>com_20.500.11984_1627</setSpec><setSpec>col_20.500.11984_1972</setSpec></header><metadata><record xmlns="http://www.loc.gov/MARC21/slim" xmlns:dcterms="http://purl.org/dc/terms/" xmlns:xsi="http://www.w3.org/2001/XMLSchema-instance" xmlns:doc="http://www.lyncode.com/xoai" xsi:schemaLocation="http://www.loc.gov/MARC21/slim http://www.loc.gov/standards/marcxml/schema/MARC21slim.xsd">
   <leader>00925njm 22002777a 4500</leader>
   <datafield ind2=" " ind1=" " tag="042">
      <subfield code="a">dc</subfield>
   </datafield>
   <datafield ind2=" " ind1=" " tag="720">
      <subfield code="a">Mondragon Unibertsitatea</subfield>
      <subfield code="e">author</subfield>
   </datafield>
   <datafield ind2=" " ind1=" " tag="260">
      <subfield code="c">2015-10-21</subfield>
   </datafield>
   <datafield ind2=" " ind1=" " tag="520">
      <subfield code="a">MONDRAGON UNIBERTSITATEAk "Kooperatiben kudeaketarako gakoak: Arrasateko esperientzia" izeneko euskarazko MOOC ikastaroa jarriko du abian urriaren 27an. Unibertsitateak eskaintzen dituen MOOC (Massive Online Open Course edo, euskaraz, Online Ikastaro Ireki Masiboa) ikastaro hauek doakoak dira eta, izena emateko, ikasleek ez dute bete behar inolako aurrebaldintza akademiko edo profesionalik. Kooperatibismoari buruzko MOOCak oso harrera ona izan du,  gaztelerazko bertsioa oraintsu bukatu berri da eta 2.174 parte-hartzeile izan ditu. Eskarazko bertsioan, dagoeneko 139 lagunek eman dute izena.</subfield>
   </datafield>
   <datafield ind2=" " ind1=" " tag="520">
      <subfield code="a">MONDRAGON UNIBERTSITATEA lanzará el próximo 27 de octubre el curso MOOC en euskera "Kooperatiben kudeaketarako gakoak: Arrasateko esperientzia". Los MOOC o Massive Online Open Course, en español, Cursos en Línea Masivos y Abiertos, son cursos gratuitos que se ofrecen en modalidad online y en los que no se exige condición académica alguna para inscribirse. La versión en español del curso sobre cooperativismo se ha celebrado con gran éxito de participación, ya que ha tenido 2.174 participantes. Para la presente versión en euskera hay ya 139 participantes inscritos.</subfield>
   </datafield>
   <datafield ind1="8" ind2=" " tag="024">
      <subfield code="a">https://hdl.handle.net/20.500.11984/4413</subfield>
   </datafield>
   <datafield tag="653" ind2=" " ind1=" ">
      <subfield code="a">Humanitate eta Hezkuntza Zientzien Fakultatea</subfield>
   </datafield>
   <datafield ind2="0" ind1="0" tag="245">
      <subfield code="a">Arrakasta handiz egingo dira kooperatibismoaren gaineko MOOC ikastaroak</subfield>
   </datafield>
   <datafield ind2="0" ind1="0" tag="245">
      <subfield code="a">Gran éxito de participación en los cursos MOOC sobre cooperativismo</subfield>
   </datafield>
</record></metadata></record></GetRecord></OAI-PMH>